| 000 | 01886cam a22005534i 4500 | ||
|---|---|---|---|
| 003 | PE-LiUPU | ||
| 005 | 20250731180131.0 | ||
| 008 | 150625s r 000 0 d | ||
| 020 | _a84 7738 963 2 | ||
| 035 | _a(Sirsi) i9788477389637 | ||
| 040 |
_aPE-LiUPU _bspa _cPE-LiUPU _erda |
||
| 049 | _aPRUA | ||
| 082 | 0 | 4 |
_a540.78 _bE97 _221 |
| 245 | 0 | 0 |
_aExperimentos de química clásica / _crecopilados por Ted Lister ; traducción de Manuel J. García Sanz, Remedios Carreño García. |
| 264 | 1 |
_aMadrid : _bSíntesis, _c[2002]. |
|
| 300 |
_a398 páginas : _bilustraciones, gráficos diágramas tablas ; _c24 centímetros |
||
| 336 |
_atext _2rdacontent |
||
| 337 |
_aunmediated _2rdamedia |
||
| 338 |
_avolume _2rdacarrier |
||
| 490 | 0 |
_aBiblioteca de químicas ; _v4 |
|
| 504 | _aIncluye bibliografía. | ||
| 505 | 0 | _aIndice de experimentos. -Clasificación por categorías. -Seguridad. -Bibliografía. -Los experimentos. | |
| 526 | _aSEG44 | ||
| 526 | _aSEG26 | ||
| 526 | _aP159 | ||
| 526 | _aP155 | ||
| 526 | _aP154 | ||
| 526 | _aP153 | ||
| 526 | _aP150 | ||
| 526 | _aP100 | ||
| 526 | _aP31 | ||
| 526 | _aP30 | ||
| 526 | _aP26 | ||
| 526 | _aP25 | ||
| 526 | _aP24 | ||
| 526 | _aP22 | ||
| 526 | _aP15 | ||
| 526 | _aP10 | ||
| 541 | _g0014-013686; | ||
| 650 | 0 | 4 |
_aQuímica _xEstudio y enseñanza. |
| 650 | 0 | 4 |
_aQuímica _xExperimentos. |
| 700 | 1 |
_aLister, Ted, _erecop. |
|
| 910 |
_cgl _d20050916 |
||
| 942 |
_2ddc _cBOOK |
||
| 949 |
_a540.78 E97 _wDEWEY _c1 _i55711 _lCCODEBUL1 _mBUL _p37.00 _r0 _sY _tBOOK _u2015-6-25 _xINGENIERIA _zUNKNOWN _0COMPRA _o.STAFF. Colección General |
||
| 994 |
_aC0 _bPEPRU |
||
| 596 | _a1 | ||
| 999 |
_a540.78 E97 _wDEWEY _c44570 _i55711 _f2021-11-5 _g7 _lCCODEBUL1 _mBUL _p37.00 _r0 _sY _tBOOK _u2015-6-25 _xBIBLIOTECA _zUNKNOWN _0COMPRA _o.STAFF. Colección General _d44570 |
||
| 980 |
_81 _gALBERTO SANCHEZ Responsable de Automatización |
||